[Event "FRA-ch U18 Girls"]
[Site "Troyes"]
[Date "2010.04.12"]
[Round "2"]
[White "Abidi, Ines"]
[Black "Lepenant, Maissane"]
[Result "1/2-1/2"]
[WhiteElo "1651"]
[BlackElo "1580"]
[PlyCount "120"]
[EventDate "2010.04.11"]
[EventType "swiss"]
[EventRounds "9"]
[EventCountry "FRA"]
[SourceTitle "EXT 2012"]
[Source "ChessBase"]
[SourceDate "2011.11.24"]
[SourceVersion "1"]
[SourceVersionDate "2011.11.24"]
[SourceQuality "1"]

1. d4 f5 2. Nf3 e6 3. g3 Nf6 4. Bg2 Be7 5. c4 0-0 6. Nc3 c6 7. 0-0 d5 8. cxd5 cxd5 9. Bf4 Nc6 10. Rc1 a6 11. Nd2 Nxd4 12. e3 Nc6 13. Nb3 Kh8 14. Nd4 Nxd4 15. Qxd4 b5 16. Ne2 Bb7 17. Rc7 Bc8 18. Rfc1 Bd6 19. Bxd6 Qxd6 20. Qc3 Bd7 21. Nf4 Rac8 22. Qc5 Qxc5 23. R1xc5 Rxc7 24. Rxc7 Rc8 25. Rxc8+ Bxc8 26. Nd3 g5 27. Nc5 Ne4 28. Bxe4 dxe4 29. Kf1 Kg7 30. Ke2 Kf6 31. b4 h6 32. h3 e5 33. a3 Ke7 34. Kd2 Kd6 35. Kc3 Kd5 36. h4 f4 37. Nb3 fxg3 38. fxg3 gxh4 39. gxh4 Ke6 40. Nc5+ Kf5 41. Kd2 Kg4 42. Nxe4 Kxh4 43. Ke2 Bb7 44. Nc5 Bc8 45. Kf3 Kh3 46. Kf2 Kg4 47. e4 Kf4 48. Kg2 Ke3 49. Kg3 Kd4 50. Kh4 Kc3 51. Kh5 Kb2 52. Kxh6 Kxa3 53. Kg5 Kxb4 54. Nd3+ Kc3 55. Nxe5 Kd4 56. Kf4 Bb7 57. Nf3+ Kc5 58. Nd2 Kd6 59. Nb3 Bc6 60. Kf5 b4 1/2-1/2

[Event "FRA-ch U14 Girls"]
[Site "Le Grand Bornand"]
[Date "2007.04.??"]
[Round "3"]
[White "Abidi, Ines"]
[Black "Boissonnier, Karina"]
[Result "1-0"]
[WhiteElo "1800"]
[BlackElo "1480"]
[PlyCount "85"]
[EventDate "2007.04.07"]
[EventType "swiss"]
[EventRounds "9"]
[EventCountry "FRA"]
[SourceTitle "CBM 118 Extra"]
[Source "ChessBase"]
[SourceDate "2007.07.04"]
[SourceVersion "1"]
[SourceVersionDate "2007.07.04"]
[SourceQuality "1"]

1. d4 d5 2. Nf3 Nc6 3. e3 Bg4 4. c4 e6 5. Nc3 Bb4 6. cxd5 exd5 7. Be2 Nf6 8. 0-0 0-0 9. a3 Bxc3 10. bxc3 Ne4 11. Qc2 Qf6 12. h3 Bh5 13. Bb2 Qg6 14. Rfe1 f5 15. Ne5 Nxe5 16. Bxh5 Nf3+ 17. Bxf3 Ng5 18. Bxd5+ Kh8 19. Kh1 Rad8 20. Bxb7 c6 21. Bxc6 Qxc6 22. f3 Rde8 23. c4 Rb8 24. Qc3 Qb6 25. Rab1 Rf7 26. d5 Re8 27. Qd4 Rfe7 28. Qxb6 axb6 29. Bd4 f4 30. e4 Nf7 31. Rxb6 Rd8 32. Reb1 Red7 33. c5 Rc7 34. a4 h5 35. a5 Ra8 36. Rb8+ Rxb8 37. Rxb8+ Kh7 38. a6 Ra7 39. Rb6 Kg8 40. c6 Ra8 41. a7 Kh7 42. Rb8 Rxa7 43. Bxa7 1-0